QCM auteurs n°1 - Statistiques

Statistiques générales
  • Ce quiz a été pris 303 fois
  • Le résultat moyen est 16 sur 20
Statistiques - réponses
Question Réponse % Correct
Mme. Bovary Gustave Flaubert
100%
Harry Potter J. K. Rowling
100%
Vingt mille lieues sous les mers Jules Verne
100%
Les Misérables Victor Hugo
100%
L’étranger Albert Camus
97%
Le Cid Pierre Corneille
90%
Les femmes savantes Molière
87%
On ne badine pas avec l’amour Alfred de Musset
84%
Antigone Jean Anouilh
84%
La promesse de l’aube Romain Gary
84%
David Copperfield Charles Dickens
81%
Nana Émile Zola
81%
Une vie Guy de Maupassant
77%
La Nuit des temps René Barjavel
77%
Un sac de billes Joseph Joffo
74%
Les Métamorphoses Ovide
74%
L’Énéide Virgile
68%
Au nom de tous les miens Martin Gray
58%
Le fantôme de l’opéra Gaston Leroux
52%
« Je vis, je meurs; je me brûle et me noie » Louise Labé
52%
Aucun quiz correspondant
Distribution des résultats
% des personnes avec chaque résultat
Percentile par nombre de réponses
Votre historique - résultats
Vous n’avez pas pris ce quiz